BIBLIOTECA

SENCICO

Dinámica : Mecánica para ingeniería (Registro nro. 623)

Detalles MARC
000 -LEADER
fixed length control field 00657nam a2200277Ia 4500
005 - DATE AND TIME OF LATEST TRANSACTION
control field 20251020182443.0
008 - FIXED-LENGTH DATA ELEMENTS--GENERAL INFORMATION
fixed length control field 200515s9999 xx 000 0 und d
020 ## - INTERNATIONAL STANDARD BOOK NUMBER
International Standard Book Number 0-201-65368-0
082 ## - DEWEY DECIMAL CLASSIFICATION NUMBER
Classification number 531.3/B32
100 ## - MAIN ENTRY--PERSONAL NAME
Personal name Bedford, Anthony
100 ## - MAIN ENTRY--PERSONAL NAME
Personal name Fowler, Wallace
245 #0 - TITLE STATEMENT
Title Dinámica : Mecánica para ingeniería
260 ## - PUBLICATION, DISTRIBUTION, ETC.
Place of publication, distribution, etc. México, D.F.
260 ## - PUBLICATION, DISTRIBUTION, ETC.
Name of publisher, distributor, etc. Addison-Wesley Iberoamericana
260 ## - PUBLICATION, DISTRIBUTION, ETC.
Date of publication, distribution, etc. 1996
300 ## - PHYSICAL DESCRIPTION
Extent 548 p.
300 ## - PHYSICAL DESCRIPTION
Other physical details il., tbl., graf., col.
500 ## - GENERAL NOTE
General note 1 ejemplar
650 ## - SUBJECT ADDED ENTRY--TOPICAL TERM
Topical term or geographic name entry element ACELERACION
650 ## - SUBJECT ADDED ENTRY--TOPICAL TERM
Topical term or geographic name entry element DINAMICA
650 ## - SUBJECT ADDED ENTRY--TOPICAL TERM
Topical term or geographic name entry element ENERGIA
650 ## - SUBJECT ADDED ENTRY--TOPICAL TERM
Topical term or geographic name entry element FUERZA
650 ## - SUBJECT ADDED ENTRY--TOPICAL TERM
Topical term or geographic name entry element MASA
942 ## - ADDED ENTRY ELEMENTS (KOHA)
Koha item type Libros
Existencias
Fecha de la última vez que lo usaron Pago total Signatura topográfica completa Código de barras Precio efectivo desde Tipo de documento Estado perdido Estado dañado No es para préstamo Retirado Ubicación permanente Ubicación actual Fecha de adquisición
15/05/2020   531.3/B32 Bib-Lima15050623 15/05/2020 Libros         Biblioteca Central Lima Biblioteca Central Lima 15/05/2020